Recent Advances in Developmental Morphology of Crop Plants : (Record no. 601571)

MARC details
000 -LEADER
fixed length control field 00507nam a2200193 a 4500
008 - FIXED-LENGTH DATA ELEMENTS--GENERAL INFORMATION
fixed length control field 251208s1990##################000#0#eng##
020 ## - INTERNATIONAL STANDARD BOOK NUMBER
ISBN 8121100402
082 04 - DEWEY DECIMAL CLASSIFICATION NUMBER
Classification number 630.96897
Item number MAH
100 1# - MAIN ENTRY--AUTHOR NAME
Personal name Devi, H. Maheswari,
245 10 - TITLE STATEMENT
Title Recent Advances in Developmental Morphology of Crop Plants :
260 ## - PUBLICATION, DISTRIBUTION, ETC. (IMPRINT)
Name of publisher Mahendra Pal Singh,
Year of publication 1990.
300 ## - PHYSICAL DESCRIPTION
Number of Pages 405 pages
650 #0 - SUBJECT ADDED ENTRY--TOPICAL TERM
Topical Term Crops.
942 ## - ADDED ENTRY ELEMENTS (KOHA)
Koha item type English Books
Holdings
Withdrawn status Lost status Damaged status Not for loan Home library Current library Shelving location Date acquired Full call number Accession Number Price effective from Koha item type
        Anna Centenary Library Anna Centenary Library 6TH FLOOR, A WING 08.12.2025 630.96897 MAH 117493 08.12.2025 English Books

Find us on the map